Tell this in my memory : (Record no. 30894)

MARC details
000 -LEADER
fixed length control field 01527cam a2200385 i 4500
001 - CONTROL NUMBER
control field 17298961
003 - CONTROL NUMBER IDENTIFIER
control field EG-ScBUE
005 - DATE AND TIME OF LATEST TRANSACTION
control field 20250217092008.0
008 - FIXED-LENGTH DATA ELEMENTS--GENERAL INFORMATION
fixed length control field 120514t2012 cauab f b 001 0 eng d
020 ## - INTERNATIONAL STANDARD BOOK NUMBER
International Standard Book Number 9789774166228
040 ## - CATALOGING SOURCE
Original cataloging agency CSt/DLC
Language of cataloging eng
Description conventions rda
Transcribing agency CSt
Modifying agency DLC
-- EG-ScBUE
043 ## - GEOGRAPHIC AREA CODE
Geographic area code f-ua---
-- f-sj---
-- a-tu---
082 04 - DEWEY DECIMAL CLASSIFICATION NUMBER
Classification number 306.3620962
Edition number 22
Item number POW
100 1# - MAIN ENTRY--PERSONAL NAME
Personal name Powell, Eve Troutt,
Relator term author.
245 10 - TITLE STATEMENT
Title Tell this in my memory :
Remainder of title stories of enslavement from Egypt, Sudan, and the Ottoman Empire /
Statement of responsibility, etc Eve M. Troutt Powell.
264 #1 - PUBLICATION, DISTRIBUTION, ETC. (IMPRINT)
Place of publication, distribution, etc Stanford, California :
Name of publisher, distributor, etc Stanford University Press,
Date of publication, distribution, etc [2012]
264 #4 - PUBLICATION, DISTRIBUTION, ETC. (IMPRINT)
Date of publication, distribution, etc c2013
300 ## - PHYSICAL DESCRIPTION
Extent xiv, 246 pages :
Other physical details illustrations, maps ;
Dimensions 24 cm
336 ## - CONTENT TYPE
Content type term text
Source rdacontent
Content type code txt
337 ## - MEDIA TYPE
Media type term unmediated
Source rdamedia
Media type code n
338 ## - CARRIER TYPE
Carrier type term volume
Source rdacarrier
Carrier type code nc
504 ## - BIBLIOGRAPHY, ETC. NOTE
Bibliography, etc Includes bibliographical references and index.
650 #7 - SUBJECT ADDED ENTRY--TOPICAL TERM
Topical term or geographic name as entry element Slavery
Geographic subdivision Egypt
General subdivision History
Chronological subdivision 19th century.
Source of heading or term BUEsh
650 #7 - SUBJECT ADDED ENTRY--TOPICAL TERM
Topical term or geographic name as entry element Enslaved persons
Geographic subdivision Egypt
General subdivision History
Chronological subdivision 19th century.
Source of heading or term BUEsh
650 #7 - SUBJECT ADDED ENTRY--TOPICAL TERM
Topical term or geographic name as entry element Slavery
Geographic subdivision Sudan
General subdivision History
Chronological subdivision 19th century.
Source of heading or term BUEsh
650 #7 - SUBJECT ADDED ENTRY--TOPICAL TERM
Topical term or geographic name as entry element Enslaved persons
Geographic subdivision Sudan
General subdivision History
Chronological subdivision 19th century.
Source of heading or term BUEsh
650 #7 - SUBJECT ADDED ENTRY--TOPICAL TERM
Topical term or geographic name as entry element Slavery
Geographic subdivision Turkey
General subdivision History
Chronological subdivision 19th century.
Source of heading or term BUEsh
650 #7 - SUBJECT ADDED ENTRY--TOPICAL TERM
Topical term or geographic name as entry element Enslaved persons
Geographic subdivision Turkey
General subdivision History
Chronological subdivision 19th century.
Source of heading or term BUEsh
653 ## - INDEX TERM--UNCONTROLLED
Arrived date list February2025
Resource For college MASTER - Political Science
655 ## - INDEX TERM--GENRE/FORM
Form subdivision Reading book
906 ## - LOCAL DATA ELEMENT F, LDF (RLIN)
a 7
b cbc
c orignew
d 1
e ecip
f 20
g y-gencatlg
942 ## - ADDED ENTRY ELEMENTS (KOHA)
Source of classification or shelving scheme Dewey Decimal Classification
Koha item type Book - Borrowing
Holdings
Withdrawn status Lost status Source of classification or shelving scheme Damaged status Not for loan Collection code Home library Current library Shelving location Date acquired Source of acquisition Cost, normal purchase price Serial Enumeration / chronology Total Checkouts Full call number Barcode Date last seen Cost, replacement price Price effective from Koha item type
    Dewey Decimal Classification     AUC Central Library Central Library First floor 17/02/2025 Purchase 150.00     306.3620962 POW 000057257 15/07/2025 182.00 17/02/2025 Book - Borrowing